ბათუმის შოთა რუსთაველის სახელმწიფო უნივერსიტეტის ბიბლიოთეკა

ცხოვრება დეკანოზ ამბაკუმისა მისგანვე დაწერილი / (ბიბ.ჩანაწერი № 37837)

000 -ლიდერი
ფიქსირებული სიგრძის საკონტროლო ველი 01136nam a2200253Ia 4500
001 - საკონტროლო ნომერი
საკონტროლო ველი 3815
003 - საკონტროლო ნომრის იდენტიფიკატორი
საკონტროლო ველი GE_BSU
005 - ბოლო ოპერაციის თარიღი და დრო
საკონტროლო ველი 20190823164724.0
008 - ფიქსირებული სიგრძის მონაცემთა ელემენტები - ზოგადი ინფორმაცია
ფიქსირებული სიგრძის საკონტროლო ველი 181216s1987||||ge |||||||||||||| ||geo||
040 ## - კატალოგიზაციის წყარო
Transcribing agency GE_BSU
041 ## - ენის კოდი
Language code of text/sound track or separate title geo
080 ## - უნივერსალური ათობითი კლასიფიკაციის ინდექსი
Universal Decimal Classification number 271.222 ც–98
100 ## - მთავარი ჩანაწერი - პიროვნების სახელი
Personal name ამბაკუმი (დეკანოზი)
9 (RLIN) 3767
245 ## - ცნობა სათაურის შესახებ
Title ცხოვრება დეკანოზ ამბაკუმისა მისგანვე დაწერილი /
Statement of responsibility, etc თარგმნა და შენიშვნები დაურთო ია მელიქიძემ.
264 ## - წარმოების, გამოცემის, დისტრიბუციის და სხვა ცნობები
გამოცემის, წარმოების, დისტრიბუციის... ადგილი თბ. :
გამოცემის, წარმოების, დისტრიბუციის... სახელწოდება საბჭ. საქართველო,
გამოცემის, წარმოების, დისტრიბუციის... თარიღი 1987.
300 ## - ფიზიკური აღწერა
Extent 120 გვ.;
Other physical details 17 სმ.
500 ## - ზოგადი შენიშვნა
General note შენიშვნები : გვ. 91-113.
653 ## - INDEX TERM--UNCONTROLLED
Uncontrolled term რელიგია
653 ## - INDEX TERM--UNCONTROLLED
Uncontrolled term რუსული მართლმადიდებლური ეკლესია
653 ## - INDEX TERM--UNCONTROLLED
Uncontrolled term ძველი რუსული ლიტერატურა
700 ## - ADDED ENTRY--PERSONAL NAME
Personal name მელიქიძე, ია
Relator term მთარგმნელი
9 (RLIN) 3769
942 ## - ADDED ENTRY ELEMENTS (KOHA)
Koha item type წიგნი
Source of classification or shelving scheme
ეგზემპლარები
ჩამოწერის სტატუსი დაკარგული ეგზემპლარის სტატუსი კლასიფიკაციის წყარო ან თაროზე გაწყობის სქემა დაზიანების სტატუსი არ გაიცემა მუდმივი მდებარეობა (დაცვის ადგილი) ამჟამინდელი ადგილსამყოფელი თაროზე განთავსების ადგილი შეძენის თარიღი ღირებულება, შესყიდვის ნორმალური ფასი სრული შენახვის შიფრი შტრიხკოდი ბოლო ოპერაციის თარიღი ეგზემპლარის მიმდევრობითი ნომერი (კეტერი?) ფასის ძალაში შესვლის თარიღი ეგზემპლარის სახეობა საჯარო შენიშვნა
          ბათუმის შოთა რუსთაველის სახელმწიფო უნივერსიტეტის მთავარი ბიბლიოთეკა ბათუმის შოთა რუსთაველის სახელმწიფო უნივერსიტეტის მთავარი ბიბლიოთეკა წიგნსაცავი 2018-12-17 0.80 271.222 ც–98 5517 2018-12-17 5517 2018-12-17 წიგნი 0.80 თ.